书目信息 |
| 题名: |
忆南征
|
|
| 作者: | 王首道 著 | |
| 分册: | ||
| 出版信息: | 北京 人民出版社 1981 |
|
| 页数: | 222页 | |
| 开本: | 21cm | |
| 丛书名: | ||
| 单 册: | ||
| 中图分类: | E297.3 , K265.1 | |
| 科图分类: | ||
| 主题词: | 中国--历史 , 革命回忆录--中国 | |
| 电子资源: | ||
| ISBN: | ||
| 000 | 00655nam0 2200253 45 | |
| 001 | 0181007950 | |
| 005 | 20070708111035.90 | |
| 010 | @dCNY0.68 | |
| 091 | @a11001.435 | |
| 100 | @a19950706d1981 em y0chiy0121 ea | |
| 101 | 0 | @achi |
| 102 | @aCN@b110000 | |
| 105 | @ac z 000za | |
| 200 | 10 | @a忆南征@Ayi nan zheng@f王首道著@Fwang shou dao zhu |
| 210 | @a北京@c人民出版社@d1981 | |
| 215 | @a222页@c照片@d21cm | |
| 606 | 0 | @a中国@x历史 |
| 606 | @a革命回忆录@y中国 | |
| 690 | @aE297.3@v4 | |
| 690 | @aK265.1@v3 | |
| 701 | 0 | @a王首道@Awang shou dao@4著 |
| 801 | 2 | @aCN@bNLC@c20070708 |
| 801 | 0 | @aCN@bTSSF@c20060802 |
| 905 | @a10447@dK265.1@e12 | |
| 忆南征/王首道著.-北京:人民出版社,1981 |
| 222页:照片;21cm |
| ISBN :CNY0.68 |
| ● |
| 相关链接 |
|
|
|
|
正题名:忆南征
索取号:K265.1/12
 
预约/预借
| 序号 | 登录号 | 条形码 | 馆藏地/架位号 | 状态 | 备注 |
| 1 | 0048067 | 001928276 | 密集书库/ [索取号:K265.1/12] | 在馆 | |
| 2 | 0048068 | 000582257 | 密集书库/ [索取号:K265.1/12] | 在馆 | |
| 3 | 0421529 | 204215296 | 密集书库/ [索取号:K265.1/12] | 在馆 | |
| 4 | 0427264 | 204272642 | 密集书库/ [索取号:K265.1/12] | 在馆 | |
| 5 | 0441746 | 204417461 | 密集书库/ [索取号:K265.1/12] | 在馆 | |
| 6 | 0472280 | 204722808 | 密集书库/ [索取号:K265.1/12] | 在馆 |